Movies Quiz

Random Movies or Actor Quiz
Score 0/30 Timer 07:00
2 Plays Today
% Correct
Sandra Bullock
92.7%
Drew Barrymore
91.8%
Halle Berry
91.2%
John Belushi
88%
Antonio Banderas
84.3%
Mel Brooks
82.3%
Kevin Bacon
79.4%
Jason Bateman
77.9%
Christian Bale
77.7%
Marlon Brando
77.2%
Annette Bening
75.3%
Humphrey Bogart
73.4%
Jeff Bridges
72.8%
Orlando Bloom
71%
Cate Blanchett
70.8%
% Correct
Pierce Brosnan
70.5%
Anne Bancroft
70.3%
Steve Buscemi
69.6%
Warren Beatty
69.2%
Josh Brolin
68.9%
Alec Baldwin
67.3%
Kenneth Branagh
65.2%
David Bowie
64.6%
Richard Burton
62.2%
Charles Bronson
58.2%
Sean Bean
57.2%
Gary Busey
56.1%
Gabriel Byrne
54.6%
Ernest Borgnine
51.4%
Jim Broadbent
40.2%
Remove Ads.
Support Sporcle.
Get the best of Sporcle when you Go Orange. This ad-free experience offers more features, more stats, and more fun while also helping to support Sporcle. Thank you for becoming a member.

You're not logged in!

Compare scores with friends on all Sporcle quizzes.
OR
Log In

Show Comments

Extras

Top Quizzes Today


Score Distribution

Your Account Isn't Verified!

In order to create a playlist on Sporcle, you need to verify the email address you used during registration. Go to your Sporcle Settings to finish the process.

Report this User

Report this user for behavior that violates our Community Guidelines.

Details: